Rezar, soplar, cantar (Registro nro. 320570)

Detalles MARC
000 -ENCABEZADO
Número de control [NR] 00956nam a22002657a 4500
005 - FECHA Y HORA DE LA ÚLTIMA TRANSACCIÓN
control field 20220211115009.0
008 - DE LONGITUD FIJA DE DATOS DE ELEMENTOS - INFORMACIÓN GENERAL
Elementos de longitud fija [NR] 220211s2021 ck a|||gr|||| 00| 0 spa d
020 ## - NUMERO INTERNACIONAL NORMALIZADO PARA LIBROS [R]
Número Internacional Normalizado del libro [NR] 9789587846393
040 ## - FUENTE DE CATALOGACION [NR]
Agencia de catalogación original [NR] CO-BoUCM
Idioma de catalogación [NR] spa
Quien Cataloga Deissy Garcia
Quien Clasifica Deissy Garcia
041 0# - CODIGO DE IDIOMA [R]
Código de idioma para texto/pista de sonido o título separado [R] Español
100 1# - ASIENTO PRINCIPAL--NOMBRE PERSONAL [NR]
ID Autoridad 173326
Nombre personal [NR] Garzón Chiriví, Omar Alberto
245 10 - MENCION DE TITULO [NR]
Título [NR] Rezar, soplar, cantar
Parte restante del título [NR] etnografía de una lengua ritual
Mención de responsabilidad, etc. [NR] Omar Alberto Garzón Chiriví
250 ## - MENCION DE EDICION [NR]
Mención de edición [NR] 2a.Ed.
260 ## - PUBLICACION, DISTRIBUCION, ETC. (PIE DE IMPRENTA) [R]
Lugar de publicación, distribución, etc. [R] Bogotá
Nombre del editor, distribuidor, etc. [R] Universidad del Rosario
Fecha de publicación, distribución, etc. [R] 2021
300 ## - DESCRIPCION FISICA [R]
Extensión [R] xxx, 192 páginas
Otros detalles físicos [NR] ilustraciones
504 ## - NOTA DE BIBLIOGRAFIA, ETC. [R]
Nota de bibliografía, etc. [NR] Incluye referencias bibliográficas
650 #7 - ASIENTO SECUNDARIO DE MATERIA - TERMINO TEMATICO [R]
Término temático o nombre geográfico como elemento de entrada [NR] Etnología
Subdivisión general [R] Investigaciones
Subdivisión geográfica [R] Putumayo (Colombia)
9 (RLIN) 173327
650 #7 - ASIENTO SECUNDARIO DE MATERIA - TERMINO TEMATICO [R]
Término temático o nombre geográfico como elemento de entrada [NR] Etnolingüística
9 (RLIN) 173328
650 #7 - ASIENTO SECUNDARIO DE MATERIA - TERMINO TEMATICO [R]
Término temático o nombre geográfico como elemento de entrada [NR] Etnografía
9 (RLIN) 15285
650 #7 - ASIENTO SECUNDARIO DE MATERIA - TERMINO TEMATICO [R]
Término temático o nombre geográfico como elemento de entrada [NR] Lengua kamsá
9 (RLIN) 173329
650 #7 - ASIENTO SECUNDARIO DE MATERIA - TERMINO TEMATICO [R]
9 (RLIN) 18397
Término temático o nombre geográfico como elemento de entrada [NR] Lenguas indígenas
650 #7 - ASIENTO SECUNDARIO DE MATERIA - TERMINO TEMATICO [R]
Término temático o nombre geográfico como elemento de entrada [NR] Ritos y ceremonias
9 (RLIN) 23828
942 ## - ELEMENTOS DE ENTRADA AGREGADOS (KOHA)
Sistema de clasificación DEWEY
Tipo de ítem principal el descrito en 300a Edición Rosarista
Tema principal Lingüística
Edición 2
Clasificación 498
Parte restante de la signatura top. G245r
Título oculto en OPAC No
Existencias
Total préstamos Signatura topográfica Código de barras Última vez visto Volúmen / Fascículo Ejemplar Costo de reposición Price effective from Tipo de ítem Perdido Sistema de clasificación Dañado No prestable Tipo de ítem específico Suprimido Ubicación habitual Ubicación actual Localización Fecha de creación Forma de adquisición Costo
  498 G245r 100169257 03/12/2025 2a.Ed. Ej.1 23000.00 11/02/2022 Edición Rosarista   DEWEY     Libro Edición Rosarista   Claustro Claustro 4to piso 11/02/2022 Compra 23000.00
  498 G245r 100169258 05/12/2025 2a.Ed. Ej.2 23000.00 11/02/2022 Libro   DEWEY     Libro   Claustro Claustro 2do piso 11/02/2022 Compra 23000.00
  498 G245r 100169259 05/12/2025 2a.Ed. Ej.3 23000.00 11/02/2022 Libro   DEWEY     Libro   Claustro Claustro 2do piso 11/02/2022 Compra 23000.00
  498 G245r 100169260 05/12/2025 2a.Ed. Ej.4 23000.00 11/02/2022 Libro   DEWEY     Libro   Claustro Claustro 2do piso 11/02/2022 Compra 23000.00
  498 G245r 100169657 05/12/2025 2a.Ed. Ej.5 26000.00 21/02/2022 Libro   DEWEY     Libro   Claustro Claustro 2do piso 21/02/2022 Donación